1153 1047 1742 1055 1078 1206 1531 1662 1618 1638 1964 1578 1114 1253 1571 1199 1765 1224 1566 1745 1794 1646 1674 1629 1268 1246 1551 1831 1062 1879 1953 1357 1325 1223 1860 1535 1920 1979 1489 1885 1875 1989 1955 1091 1904 1651 1049 1573 1589 1265 1765 1102 1982 1277 1689 1227 1292 1990 1035 1264 1051 1795 1924 1475 1165 1962 1541 1615 1145 1993 1053 1398 1436 1593 1468 1411 1773 1621 1575 1209 1836 1671 1234 1900 1177 1214 1112 1577 2000 1021 1027 1989 1639 1496 1704 1955 1876 1916 1912 BCNSPRNW ULIB Ver.6.0+V

เปลี่ยนเป็นภาษาไทย

Change to English
 แสดงรายละเอียดบรรณานุกรม
  กลับหน้าหลัก

Brief Record : Get Marc (ISO 2709) : E-mail record : QR code < ปิดหน้าต่าง
LEADER : 00000nam 2200000uu 4500
001    13399112296
003     ULIB
008    110627s2550||||th 000 0 tha d
020    9789747640526
090    นว.^bป661ช 2550
100 0  ปุณณัตถ์
245 00 ลิขิตลับ ชะตารัก/^cปุณณัตถ์
250    พิมพ์ครั้งที่ 1
260    กรุงเทพฯ :^bบลูเบลล์,^c2550
300    334 หน้า
710 1  บลูเบลล์
945    ^p219^l0^i021022
995    ทศพร
999 ^a ใช้งานได้ทุกระบบ
รายการนี้ยังไม่มีแท็ก
คุณยังไม่ได้ล็อกอิน คุณสามารถมีกิจกรรมร่วมกับเว็บไซต์ได้ แต่ต้องล็อกอินก่อน ::
  ล็อกอิน

รายการสื่อสารสนเทศ

ลำดับที่ ประเภท เลขเรียก/บาร์โค้ด สถานที่ สถานะ
- ไม่พบข้อมูล -

BibComment


ยังไม่เคยถูกคอมเมนท์

คอมเมนท์ทรัพยากรรายการนี้
  คอมเมนท์: ลิขิตลับ ชะตารัก ..


 Copyright 2026. Bcnsprnw @Library